Countries Edi Rama has Visited - Statistics

General Stats
  • This quiz has been taken 44 times
  • The average score is 23 of 30
Answer Stats
Continent Country % Correct
Europe France
92%
Europe Germany
92%
Europe Kosovo
92%
Europe United Kingdom
92%
North America United States of America
92%
Europe Italy
88%
Europe Austria
85%
Europe Bosnia and Herzegovina
85%
Asia China
85%
Asia/ Europe Turkey
85%
Europe Belgium
81%
Europe Serbia
81%
Europe Switzerland
81%
Europe the Netherlands
81%
Europe Croatia
77%
Asia United Arab Emirates
77%
Europe Czech Republic
73%
Europe Montenegro
73%
Europe Sweden
73%
Europe Vatican City
73%
Asia Kuwait
69%
Europe Poland
69%
Europe Romania
69%
Europe Slovenia
69%
Europe Macedonia
65%
Asia Azerbaijan
62%
Asia Qatar
62%
Asia Singapore
62%
Asia Israel
54%
Asia Kazakhstan
50%
No matching quizzes found
Score Distribution
Percent of People with Each Score
Percentile by Number Answered
Your Score History
You have not taken this quiz